Europejska Geografia na literę M - 1 - Statystyki

Ogólne statystyki
  • Ten quiz został rozwiązany 119 razy
  • Średni wynik to 11 z 15
Statystyki odpowiedzi
Wskazówka Odpowiedź % Poprawnych
Niemiecka rzeka o długości 527 km Men
98%
Największe miasto Białorusi Mińsk
97%
Sąsiaduje z Ukraina i Rumunią Mołdawia
97%
Stolica największego powierzchniowo kraju na świecie Moskwa
95%
Stolicą tej krainy jest Kraków Małopolska
94%
Polska kraina pełna jezior Mazury
94%
Angielskie miasto, w którym znajdują się dwa zespoły piłkarskie - United oraz City Manchester
93%
Drugie najmniejsze państwo świata o powierzchni 202 ha Monako
88%
Stolica mody znajdująca się w Lombardii Mediolan
78%
Europejski, który uzyskał niepodległość od Wielkiej Brytanii w 1964r. Malta
73%
Najwyższy szczyt Alp Mont Blanc
67%
Jedno z większych miast Hiszpanii, leżące w Andaluzji Malaga
52%
Morze, które wyznacza umowną granicę miedzy Europą a Azją Marmara
45%
Rosyjskie miasto, w którym znajduje się niezamarzający port nad Zatoką Kolską Murmańsk
41%
Cieśnina łącząca Morze Tyrreńskie oraz Jońskie Mesyńska
13%
Nie znaleziono quizów pasujących do podanych kryteriów
Rozkład punktacji
Procent ludzi z każdym wynikiem
Percentyl według liczby udzielonych odpowiedzi
Twoja historia wyników
Nie rozwiązałeś tego quizu